| 000 | 00411nam a2200133Ia 4500 | ||
|---|---|---|---|
| 008 | 191213s9999 xx 000 0 und d | ||
| 020 | _a9786075383262 | ||
| 100 | 1 | _aTORMO, Marisa | |
| 245 | 1 | _aEXCEL PRÁCTICO - Descubre su magia con el uso de fórmulas y funciones | |
| 260 | 0 | 0 | _a2018 |
| 650 | 0 | 0 | _bComputación |
| 250 | _a1 | ||
| 856 | 0 | 0 | _ahttps://uachapingo.bibliotecasdigitales.com/read/9786075383262/index |
| 999 |
_c218030 _d218030 |
||